Historia del urbanismo (Registro nro. 1508)

Detalles MARC
000 -LEADER
fixed length control field 01555 a2200229 4500
001 - CONTROL NUMBER
control field 26887
005 - DATE AND TIME OF LATEST TRANSACTION
control field 20260407155546.0
008 - FIXED-LENGTH DATA ELEMENTS--GENERAL INFORMATION
fixed length control field 260407a1981 arg spa d
003 - CONTROL NUMBER IDENTIFIER
control field AR-UNSa-BCEJYS
040 ## - CATALOGING SOURCE
Original cataloging agency AR-UNSa-BCEJYS
Language of cataloging spa
Transcribing agency AR-UNSa-BCEJYS
080 ## - UNIVERSAL DECIMAL CLASSIFICATION NUMBER
Universal Decimal Classification number 711(09)
Common auxiliary subdivision Historía del Urbanismo
020 ## - INTERNATIONAL STANDARD BOOK NUMBER
International Standard Book Number 84-7088-261-9
041 ## - LANGUAGE CODE
Language code of text/sound track or separate title spa
100 1# - MAIN ENTRY--PERSONAL NAME
Personal name Sica, Paolo
245 10 - TITLE STATEMENT
Title Historia del urbanismo
Name of part/section of a work El siglo XIX
264 #1 - PRODUCTION, PUBLICATION, DISTRIBUTION, MANUFACTURE, AND COPYRIGHT NOTICE
Place of production, publication, distribution, manufacture Madrid :
Name of producer, publisher, distributor, manufacturer Instituto de Estudios de Administración Local
Date of production, publication, distribution, manufacture, or copyright notice 1981
300 ## - PHYSICAL DESCRIPTION
Extent 2v. (622; 584 p.)
Dimensions 25 cm.
505 ## - FORMATTED CONTENTS NOTE
Formatted contents note Vol. I: 1. Los fenomenos territoriales y urbanos en el cuadro del crecimiento del capitalismo industrial - 2. La evolución del urbanismo en Gran Bretaña en el curso del siglo XIX - 3. La evolución del urbanismo en Francia en el curso del siglo XIX - 4. La evolución del urbanismo en Alemania en el curso del siglo XIX - 5. La evolución del urbanismo en las demás naciones europeas en el curso del siglo XIX - 6. La evolución del urbanismo en la Italia unificada -- Vol. II: 7. La evolución del urbanismo en los Estados Unidos de América - 8. La evolución del urbanismo en los demás países ligados al sistema capitalista - 9. Planes urbanisticos y política territorial en la organización de las colinas - 10. Las ciudades especializadas del trabajo y del tiempo libre - 11. Las expresiones de la ciudad decimononica - 12. Crítica, rechazo y corrección de la ciudad capitalista
590 ## - LOCAL NOTE (RLIN)
Local note niveau_biblio:m niveau_hierar:0
700 1# - ADDED ENTRY--PERSONAL NAME
Personal name Hernández Orozco, Joaquín
942 ## - ADDED ENTRY ELEMENTS (KOHA)
Koha item type
Existencias
Withdrawn status Lost status Damaged status Not for loan Home library Current library Shelving location Date acquired Total checkouts Full call number Barcode Date last seen Price effective from Koha item type
        Biblioteca Prof. Eusebio Cleto del Rey Biblioteca Prof. Eusebio Cleto del Rey   07/04/2026   711(09)"18" S565 v.2 L58508 07/04/2026 07/04/2026 Libro
        Biblioteca Prof. Eusebio Cleto del Rey Biblioteca Prof. Eusebio Cleto del Rey   07/04/2026   711(09)"18" S565 v.1 L58507 07/04/2026 07/04/2026 Libro